00330pab a2200133 454500008004000000100002600040245003300066260000900099300001400108362001100122650002100133650000800154773003400162180718b2007 xxu||||| |||| 00| 0 eng d aMandal, Akhtaruzzaman a`Research" on Bangladesh war c2007 ap.118-21. a15 Dec aWar - Bangladesh aWar aEconomic and Political Weekly